Loading...
| History - American | 0 | 6 | 1 | 2 | 55 | 72 | 99.00 | 2 | 4 | 0.00 | 0.00 |
| History - World | 0 | 4 | 1 | 2 | 35 | 121 | 131.25 | 0 | 1 | 0.00 | 0.00 |
| Religion | 0 | 3 | 0 | 0 | 30 | 94 | 115.00 | 0 | 3 | 0.00 | 0.00 |
| History - Other | 0 | 3 | 0 | 1 | 30 | 78 | 100.67 | 0 | 1 | 0.00 | 0.00 |
| History - European | 0 | 3 | 1 | 0 | 25 | 57 | 78.00 | 1 | 3 | 0.00 | 0.00 |
| Geography | 0 | 2 | 0 | 0 | 20 | 60 | 99.00 | 0 | 2 | 0.00 | 0.00 |
| Science - Chemistry | 0 | 1 | 0 | 1 | 10 | 125 | 125.00 | 0 | 1 | 0.00 | 0.00 |
| Mythology | 0 | 1 | 0 | 1 | 10 | 137 | 137.00 | 0 | 1 | 0.00 | 0.00 |
| Pop Culture | 0 | 1 | 0 | 0 | 10 | 98 | 98.00 | 0 | 0 | 0.00 | 0.00 |
| Fine Arts - Painting and Sculpture | 0 | 1 | 0 | 0 | 10 | 150 | 150.00 | 0 | 0 | 0.00 | 0.00 |